Statistics for 11 Countries who Support Palestine

Click here to take the quiz!

General Stats

  • This quiz has been taken 90 times
  • The average score is 12 of 20

Answer Stats

Answer% Correct
.Saudi Arabia
94%
.Jordan
87%
.Syria
87%
.Egypt
84%
.Lebanon
84%
.Iran
83%
.Iraq
83%
.Pakistan
81%
.UAE
78%
.Algeria
73%
.Libya
70%
.Russia
68%
.China
66%
.India
44%
.Mexico
31%
.Sweden
31%
.Brazil
30%
.Argentina
25%
.Ireland
25%
.Iceland
10%

Score Distribution

Percentile by Number Answered

Percent of People with Each Score

Your Score History

You have not taken this quiz